000 01373nam2a22002891 4500
001 rc\4155791
005 20250611112527.0
021 _aRU
_b[61-25675ж]
035 _a(NLR Aleph) 008173099
090 _a7867196
_c7867196
100 _a20130415d1961 |||y0rusy50 ca
101 1 _arus
_ceng
102 _aRU
105 _ay z |||||
200 0 _aСб. 11
_fПеревод с англ. проф. А.Ф. Платэ
210 _cИзд-во иностр. лит.
_d1961
_aБ. м.
215 _a76 с.
300 _aДоп. тит. л.: Organic syntheses. An annual publication of satisfactory methods for the preparation of organic chemicals. Vol. 39. M. Tishler, ed.-in-chief., New York - London. 1959
320 _aБиблиогр. в тексте
461 0 _1001rc\4155780
_12001#$aСинтезы органических препаратов$fПер. с англ. д-ра хим. наук А.Ф. Платэ$gПод ред. акад. Б.А. Казанского$vСб. 11
_97867130
_cМосква
_d1949
_fПер. с англ. д-ра хим. наук А.Ф. Платэ
_nГос. изд-во иностр. лит.
_tСинтезы органических препаратов
_vСб. 11
513 0 _aOrganic syntheses
801 0 _aRU
_bNLR
_gpsbo
801 1 _aRU
_bELAR
_2rusmarc
852 _aNLR
_jТ44 Г-5/204(11)
942 _cBOOK
980 _aNB